| 000 | 01050nam a22002297a 4500 | ||
|---|---|---|---|
| 003 | BJBSDDR | ||
| 005 | 20260318162134.0 | ||
| 006 | a|||||r|||| 00| 0 | ||
| 007 | ta | ||
| 008 | 260318s1977 sp |||||r|||| 00| 0 spa d | ||
| 020 | _a8471665298 | ||
| 040 |
_bspa _cBJBSDDR |
||
| 041 | _aspa | ||
| 100 | 1 |
_a Bouthoul, Gaston, _d1896-1980 _947279 |
|
| 245 | 1 | 3 |
_aEl Desafío de la guerra (1740-1974) : _b dos siglos de guerras y de revoluciones / _cGaston Bouthoul, René Carrère. |
| 260 |
_aMadrid : _bEdaf ; _c 1977. |
||
| 300 |
_a302 páginas : _bilustraciones ; _c18 cm |
||
| 520 | _aEl desafío de la guerra analiza la transformación de los conflictos armados en la época moderna, especialmente durante el siglo XX y la Guerra Fría. El autor sostiene que la guerra sigue siendo una herramienta política fundamental, pero sus características y riesgos han cambiado por la tecnología, la estrategia internacional y la aparición de armas de destrucción masiva. | ||
| 700 | 1 |
_a Carrère, René _947602 |
|
| 942 |
_2lcc _n0 _cBK |
||
| 946 | _illh | ||
| 999 |
_c126632 _d126632 |
||